MDQL
is popping MORE tags! Check the
thread
!
Quizzes
Events
Quiz Creation
Community
Videos
Private Events
Remove Ads
Sign In
Join for FREE
Feedback
Dark Mode
Quiz Categories
Sports
Geography
Music
Movies
Television
Just For Fun
Miscellaneous
History
Literature
Language
Science
Gaming
Entertainment
Religion
Holiday
For Kids
Quiz Lab
Recent
Popular Today
Quiz Kudos Today
Editor Picks
Curator Picks
Quizzes by...
Day
Popularity
Type
Ratings
Length
Year
Community
Subscriptions
Recent Discussions
Orange Saloon
Badges
Playlists
Quests
Create
Leaderboards
Showdown
Live 5
Trivia Bingo
Activity
Puzzle Library
Sporcle Events
Private Events
Virtual Trivia
Globe League
Become a Host
Pub Owners
SporcleCon
Opinionation
Our Games
Videos
Blog
Mobile Apps
Partnerships
Remove Ads and Go Orange
Feedback
Entertainment
Celebrity
Famous
Musical
Broadway
Show
Quote
Comic Books
Anime
Superhero
DC Comics
Marvel
Cartoons
Animation
Entertainment
Celebrity
Famous
Musical
Broadway
Show
Quote
Comic Books
Anime
Superhero
DC Comics
Marvel
Cartoons
Animation
Random Quiz
Search Sporcle
×
Quiz Lab
Quiz Lab
Entertainment
Musical
Select answers by clicking on text or image buttons
Select answers by clicking on text or image buttons
Clickable
Best Score? Go Orange.
Follow That Lyric: The Last Five Years Stats
Can you follow that lyric from The Last Five Years
By
samurottgirl778
10m
37 Questions
771 Plays
771 Plays
771 Plays
Comments
Comments
Give Quiz Kudos
Give Quiz Kudos
-
- Ratings
hide this ad
Forced Order
Answers have to be entered in order
Answers have to be entered in order
Replay
Link that replays current quiz
Next Quiz
Link to next quiz in quiz playlist
You Got
0%
They Got
Avg Score
84%
Avg Friend Score
Upgrade to see
Score Distribution
Jump to the score distribution portion of the page
Score
0/37
Timer
10:00
0
Plays Today
% Correct
Jamie's decided it's time to move on
92.7%
Always men - usually gay
92.2%
It makes me look like Daisy Mae
91.6%
And see I'm crying and not do anything at all
91.6%
I'm pretty sure it doesn't suck
91.4%
But it wouldn't be as nice as a summer in Ohio where I'm sharing a room with a 'former' stripper and her snake: Wayne
91.1%
I'd say, 'Well, nobody's perfect'
90%
I will not lose because you can't win
89.2%
Covered with scars I did nothing to earn
88.8%
That you won't get to play with your little girlfriends
88.5%
Just as long as you're not from Hebrew school
87.7%
Got a room, got a cat, and got twenty pounds thinner
87.7%
And I don't give a sh*t
87%
Circling the apartment, logging miles
86.8%
Some people never feel love in their heart
86.4%
I'm riding hot as a rocket blast
86.1%
Well, that's not true
85.5%
I've found my guiding light, I tell the stars each night
85%
I wrote a book and Sonny Mehta read it
84.7%
% Correct
Back into battle till I don't know when
83.9%
Why can't you support mine?
83.8%
I'll stand and wait
83.4%
And I'm showing her my left hand, I'm gesticulating with my left hand
82.7%
Think of the bullsh*t we've both been through
82.2%
Watching the winters soldier on, there was one thing Schmuel missed
81.2%
I don't know how anybody survives in this life without someone like you
81.1%
I'd say, draw a bead and shoot
80.9%
Don't you think that now's a good time to be the ambitious freak you are?
80.7%
Leave this night clean and quiet
80.4%
We're making dinners, we're making plans
80%
Or just sit and wait as the time ticks by
80%
Listen up, Schmuel, make one stitch and you'll see what you get
79.4%
These are the people who cast Russell Crowe in a musical
78.7%
There are so many years I need to be with you
78.5%
I don't know what the hell is left to do
75.5%
Little more glue every time that it breaks
75.2%
Maybe your heart's completely swayed but your head can't follow through
72.2%
Quiz Playlist
Details
Report
Send in Message
Add To Playlist
Clickable:
Select answers by clicking on text or image buttons
Forced Order:
Answers have to be entered in order
Last Updated: Feb 16, 2017
Quiz Scoreboard
CHALLENGE
Sign Up to Join the Scoreboard
Show All
Scores
Hide
Comments
May contain spoilers
Recently Published
Colored Red Africa Blitz
by spor1
Geography
30s
Find the 'City' Movie
by crazypaving
Movies
60s
5x2 Blitz: Bands
by SL_Kpop136
Music
30s
More to Explore
Quiz From the Vault
Featured Blog Post
14 Easter Pick-up Lines to Find Eggs With
hide this ad
You Might Also Like...
Tags
Lyrics Quiz
Musical Quiz
Broadway Lyrics
Broadway Musicals
Contemporary Musicals
Match Lyrics
Musical Songs
Musical Theater
Music Theatre
Soundtrack Lyrics
theatre
Today's Top Quizzes in Entertainment
Browse Entertainment
hide this ad
Today's Top Quizzes in Musical
Browse Musical
Top Contributed Quizzes in Entertainment
1
Dragon Ball Z: Goku's Fights in Order
2
Marvel Classic Character Map
3
Marvel Characters Bunker
4
BOYS PLANET Quiz
5
Celebrity Spelling Bee
6
This is Your Life: Edward Elric
7
Survivor Winners Logic Quiz
8
This is Your Life: Itachi Uchiha
9
Dragon Ball Z: Immortal Characters
10
One Piece Heroines Chapter Cover
Explore More
Trending Topics
Crossword
Kpop
Harry Potter
Marvel
Disney
Anime
NBA
Song
Country
NFL
WWE
Pokémon
Puzzle
The Office
Soccer
hide this ad
More By:
samurottgirl778
Quiz
Plays
Rating
Category
Featured
Created
Panic! at the Disco Song Titles in Lyrics
36,351
4.38
Music
Jul 31, 2015
Twenty One Pilots Songs by Lyric
20,902
5.00
Music
Jul 31, 2015
Heathers Songs by Lyric
15,725
5.00
Entertainment
Oct 25, 2015
Badly Translated Literary Opening Lines
12,640
4.23
Literature
Sep 5, 2018
Follow That Lyric: Dear Evan Hansen
7,913
4.44
Entertainment
Feb 9, 2017
Go to Creator's Profile
Score Distribution
Quiz Creator Spotlight
samurottgirl778
Follow
Send a Message
Quizzes Created
-
Created Quiz Play Count
-
More By This Creator
Popular Quizzes Today
1
Colored Red Africa Blitz
2
Find the 'City' Movie
3
Find the US States - No Outlines Minefield
4
5x2 Blitz: Bands
5
The Countries of the World
6
Find the US States
7
US States
8
9x9 Crossword: Cartoon Network
More Entertainment Quizzes
Dragon Ball Z: Origins of Character Names
Quiz Lab
Trending Quizzes
Colored Red Europe Blitz I
Colored Red Europe Blitz II
Colored Red Africa Blitz II
Colored Red Africa Blitz III
Colored Red Europe Blitz III
Recently Updated
Grab Bag: 4-10 Letters
pecheneg
2024 March Madness Bracket
pecheneg
Famous TV Couples
Peacemaker
Champions League XIs: Real Madrid
pecheneg
Largest US Cities 1790-2010
pecheneg
Rides in Walt Disney World
pecheneg
Most Oscar Losses (Acting)
pecheneg
Beyoncé Albums
pecheneg
Leaping Animals
pecheneg
Reality TV Shows (A-Z)
bhenderson79
Trending Topics
Disney
Anime
NBA
Kpop
Marvel
Crossword
Harry Potter
NFL
The Office
Country
Puzzle
WWE
Song
Soccer
Pokémon
Your Account Isn't Verified!
In order to create a playlist on Sporcle, you need to verify the email address you used during registration. Go to your
Sporcle Settings
to finish the process.
Report this User
Report this user for behavior that violates our
Community Guidelines
.
Details:
Send Report
Go to the Sporcle.com Mobile Site →
Comments